Безопасность системы "клиент банк" для физических лиц; Информационные технологии в науке, управлении, социальной сфере и медицине

Bibliografiske detaljer
Parent link:Информационные технологии в науке, управлении, социальной сфере и медицине.— 2015.— [С. 321-323]
Hovedforfatter: Залецкая Е. Ю.
Institution som forfatter: Национальный исследовательский Томский политехнический университет (ТПУ)
Summary:Заглавие с титульного экрана
It's difficult to imagine our lives without computer technologies. They are particularly useful in the banking sector. There are many types of remote control systems - remote banking is one of them. This article deals with weak, unprotected sides of this system, with methods of fraud. Several recommendations for safety usage of remote banking are also given.
Sprog:russisk
Udgivet: 2015
Serier:Информационные технологии в финансовой сфере и маркетинге. Информационные технологии в финансовой сфере
Fag:
Online adgang:http://earchive.tpu.ru/handle/11683/17368
http://www.lib.tpu.ru/fulltext/c/2015/C24/142.pdf
Format: MixedMaterials Electronisk Book Chapter
KOHA link:https://koha.lib.tpu.ru/cgi-bin/koha/opac-detail.pl?biblionumber=613878

MARC

LEADER 00000naa2a2200000 4500
001 613878
005 20231101132759.0
035 |a (RuTPU)RU\TPU\conf\12036 
035 |a RU\TPU\conf\12035 
090 |a 613878 
100 |a 20150902d2015 k y0rusy50 ca 
101 0 |a rus  |d eng 
102 |a RU 
105 |a y z 101zy 
135 |a drcn ---uucaa 
181 0 |a i  
182 0 |a b 
200 1 |a Безопасность системы "клиент банк" для физических лиц  |d The safety of the remote banking for individuals  |f Е. Ю. Залецкая 
203 |a Текст  |c электронный 
225 1 |a Информационные технологии в финансовой сфере и маркетинге. Информационные технологии в финансовой сфере 
230 |a 1 компьютерный файл (pdf; 370 Kb) 
300 |a Заглавие с титульного экрана 
320 |a [Библиогр.: с. 323 (3 назв.)] 
330 |a It's difficult to imagine our lives without computer technologies. They are particularly useful in the banking sector. There are many types of remote control systems - remote banking is one of them. This article deals with weak, unprotected sides of this system, with methods of fraud. Several recommendations for safety usage of remote banking are also given. 
337 |a Adobe Reader 
463 0 |0 (RuTPU)RU\TPU\conf\11725  |t Информационные технологии в науке, управлении, социальной сфере и медицине  |o сборник научных трудов II Международной конференции, 19-22 мая 2015 г., Томск  |f Национальный исследовательский Томский политехнический университет (ТПУ) ; ред. кол. О. Г. Берестнева [и др.]  |v [С. 321-323]  |d 2015 
510 1 |a The safety of the remote banking for individuals  |z eng 
610 1 |a труды учёных ТПУ 
610 1 |a электронный ресурс 
610 1 |a безопасность 
610 1 |a Клиент-Банк 
610 1 |a физические лица 
610 1 |a банковская деятельность 
610 1 |a защита информации 
700 1 |a Залецкая  |b Е. Ю. 
712 0 2 |a Национальный исследовательский Томский политехнический университет (ТПУ)  |c (2009- )  |2 stltpush  |3 (RuTPU)RU\TPU\col\15902 
801 2 |a RU  |b 63413507  |c 20210129  |g RCR 
856 4 |u http://earchive.tpu.ru/handle/11683/17368 
856 4 |u http://www.lib.tpu.ru/fulltext/c/2015/C24/142.pdf 
942 |c BK